Statistics for Ancient History Multiple Choice

Click here to take the quiz!

General Stats

  • This quiz has been taken 931 times
  • The average score is 8 of 15

Answer Stats

QuestionAnswer% Correct
Which came first?Paleolithic
84%
Which of these inventions was created in China?Compass
72%
In which modern country was the Via Appia?Italy
72%
What people famously created the modern Latin Alphabet?Phoenicians
66%
Who was the first Roman emperor?Augustus Caesar
63%
How many of the Seven Ancient Wonders of the World were located in Egypt?2
62%
Which city won the Peloponnesian War?Sparta
62%
Along which River were most of India's first civilizations?Indus
56%
In which modern day country did Buddhism originate?Nepal
50%
What was the earliest known major civilization in Mesoamerica?Olmec
46%
Which civilization came first?Egypt
44%
Who was the Great Pyramid of Giza built for?Khufu
44%
Which of these animals was domesticated first?Dog
43%
Where was the Maurya Empire located?India
33%
Who was the first king of Israel?Saul
30%

Score Distribution

Percentile by Number Answered

Percent of People with Each Score

Your Score History

You have not taken this quiz